| 000 | 00656nam a2200205 i 4500 | ||
|---|---|---|---|
| 001 | 31341 | ||
| 003 | ES-MaACL | ||
| 005 | 20251015063047.0 | ||
| 007 | t| | ||
| 008 | 030129s1913 fr ||||1| fre d | ||
| 100 | 1 |
_aBenda, Julien, _d1867-1956 _927470 |
|
| 245 | 1 | 3 |
_aLe bergsonisme ou Une philosophie de la mobilité / _cJulien Benda. |
| 250 | _a4ª ed. | ||
| 260 |
_aParis : _bMercure de France, _c1913 ( _eTours : _fE. Arrault et Cie) |
||
| 300 |
_a134 p. ; _c19 cm. |
||
| 600 | 1 | 4 |
_aBergson, Henri- _xCrítica e interpretación. _928014 |
| 740 | 3 | 2 | _aUne philosophie de la mobilité. |
| 852 |
_aES-MaACL _jF-3485 |
||
| 999 |
_c31341 _d31341 |
||